000 00465nam a2200169Ia 4500
003 IN-BaIIA
008 211028s9999 xx 000 0 eng d
040 _cIIA Library
080 _a910
_bTRO
100 _aTrotter, H.
_9146
245 0 _aAccount of survey operations in Eastern Turkistan 1873-74
_cH. Trotter
260 _aCalcutta
_bForeign Department Press
_c1875
300 _a165p.
650 _a East Turkestan
_9147
650 _aSurvey report
_9148
942 _cBK
999 _c93
_d93